000
00463nam a2200169Ia 4500
008
090711s9999 xx 000 0 und d
082
_b
693
100
_a
पै शिरीष
245
_a
कोलाज
260
_b
महेता पब्लिकेशन हाऊस
_c
1998
300
_a
132
600
_a
पै शिरीष
630
_a
कोलाज
700
_a
पै शिरीष
730
_a
कोलाज
942
_c
BOOK
999
_c
333428
_d
333428